Normal view
MARC view
- التاريخ الاسلامي-امارة العثمانين1289-1402-تاريخ العرب-الموسوعات
Entry Topical Term
001 - CONTROL NUMBER
- control field: 60317
003 - CONTROL NUMBER IDENTIFIER
- control field: JO-AjAnu
005 - DATE AND TIME OF LATEST TRANSACTION
- control field: 20230606083847.0
008 - FIXED-LENGTH DATA ELEMENTS
- fixed length control field: 230606|| aca||aabn | a|a d
040 ## - CATALOGING SOURCE
- Original cataloging agency: JO-AjAnu
- Transcribing agency: JO-AjAnu
150 ## - HEADING--TOPICAL TERM
- Topical term or geographic name entry element: التاريخ الاسلامي-امارة العثمانين1289-1402-تاريخ العرب-الموسوعات
670 ## - SOURCE DATA FOUND
- Source citation: Work cat.: (JO-AjAnu)30759: تاليف الزيدي، مفيد, author 60316, موسوعة التاريخ الاسلامي: العصر العثماني(1516-1916م)